La arqueología negada del nuevo mundo : (Record no. 4465)

MARC details
000 -CABECERA
campo de control de longitud fija 00596nam a2200193 a 4500
005 - FECHA Y HORA DE LA ÚLTIMA TRANSACCIÓN
campo de control 20220830154253.0
008 - ELEMENTOS DE LONGITUD FIJA--INFORMACIÓN GENERAL
campo de control de longitud fija 991125s1995 mx 000 0 spa u
020 ## - NÚMERO INTERNACIONAL NORMALIZADO PARA LIBROS
Número Internacional Estándar del Libro 9682979056
035 ## - NÚMERO DE CONTROL DEL SISTEMA
Número de control de sistema UPN01000004465
049 ## - COLECCIÓN
Colección CG
050 #4 - SIGNATURA TOPOGRÁFICA DE LA BIBLIOTECA DEL CONGRESO
Número de clasificación D200
Número de documento/Ítem F7.28
100 1# - ASIENTO PRINCIPAL--NOMBRE PERSONAL
Nombre de persona Frey, Herbert,
Fechas asociadas al nombre 1949-
9 (RLIN) 33096
245 13 - MENCIÓN DE TÍTULO
Título La arqueología negada del nuevo mundo :
Resto del título Europa, América y el surgimiento de la modernidad /
Mención de responsabilidad, etc. Herbert Frey.
260 ## - PUBLICACIÓN, DISTRIBUCIÓN, ETC.
Lugar de publicación, distribución, etc. México :
Nombre del editor, distribuidor, etc. CNCA,
Fecha de publicación, distribución, etc. 1995.
300 ## - DESCRIPCIÓN FÍSICA
Extensión 313 p.
650 #7 - ASIENTO SECUNDARIO DE MATERIA - TERMINO TEMATICO
Término de materia o nombre geográfico como elemento de entrada Edad Media
Subdivisión general Historia
Fuente del encabezamiento o término
9 (RLIN) 10179
650 #4 - ASIENTO SECUNDARIO DE MATERIA - TERMINO TEMATICO
Término de materia o nombre geográfico como elemento de entrada EDAD MEDIA -
Subdivisión general VIDA INTELECTUAL
9 (RLIN) 14640
905 ## - TIPO DE MATERIAL
Tipo de material Libro
Holdings
Estado de retiro Estado de pérdida Fuente del sistema de clasificación o colocación Estado dañado No para préstamo Código de colección Localización permanente Ubicación/localización actual Ubicación en estantería Total de préstamos Clasificación Código de barras Fecha visto por última vez Número de copia Tipo de ítem Koha
    Library of Congress Classification     Colección General Bib. Gregorio Torres Quintero Bib. Gregorio Torres Quintero Planta baja 8 D200 F7.28 143878 31/12/2020 1 Libro